Old testament Books - Statistics

General Stats
  • This quiz has been taken 235 times
  • The average score is 26 of 39
Answer Stats
Answer % Correct
Genesis
98%
Exodus
95%
Leviticus
93%
numbers
91%
Deuteronomy
87%
ruth
83%
Psalms
81%
Joshua
79%
Judges
78%
Job
77%
1 kings
73%
2 kings
73%
Ezekiel
73%
1 samuel
72%
2 samuel
72%
Esther
70%
Proverbs
70%
Ezra
69%
Isaiah
69%
Song of Solomon | Song of Songs
69%
Jeremiah
68%
1 chronicles
67%
2 chronicles
67%
Daniel
65%
Nehemiah
62%
Ecclesiastes
60%
Jonah
59%
Amos
56%
Lamentations
56%
Obadiah
54%
Joel
53%
Malachi
53%
Micah
52%
Hosea
51%
Habakkuk
50%
Nahum
47%
Haggai
46%
Zephaniah
44%
Zechariah
41%
No matching quizzes found
Score Distribution
Percent of People with Each Score
Percentile by Number Answered
Your Score History
You have not taken this quiz